000 04013namaa22004211i 4500
003 EG-GICUC
005 20260504133717.0
008 260504b |||a|||frm||| 000 0 eng d
040 _aEG-GICUC
_beng
_cEG-GICUC
_dEG-GICUC
_erda
041 0 _aeng
_beng
_bara
049 _aDeposit
082 0 4 _a‪333.7315
092 _a‪333.7315
_221
097 _aM.Sc
099 _aCai01.13.02.M.Sc.2025.He.A
100 0 _aHebatallah Hicham Assaad,
_epreparation.
245 1 3 _aAn assessment of sustainability of the housing sector in new egyptian cities /
_cby Hebatallah Hicham Assaad ; Supervisors Prof. Dr. Tarek Abdellatif Aboul-Atta.
246 1 5 _aتقييم استدامة قطاع الاسكان بالمدن المصرية الجديدة
264 0 _c2025.
300 _a277 pages :
_billustrations ;
_c30 cm. +
_eCD.
336 _atext
_2rda content
337 _aUnmediated
_2rdamedia
338 _avolume
_2rdacarrier
502 _aThesis (M.Sc)-Cairo University, 2025.
504 _aBibliography: pages 268-277.
520 3 _aThis research deals with a study of the subject of re-classification of variables to maintain sustainability of the Egyptian housing sector. This study builds its framework based on recent research exploring various sustainability factors in the urban housing sector after studying various type of housing on 36th case study. A comprehensive systematic literature review has compiled one of the most extensive lists of sustainability factors related to urban housing. These factors are ranked according to their frequency of examination and classified by their scale and sector of influence. The results can fill the knowledge gap about the most significant factors affecting the sustainability of houses and guide policymakers to make their decisions and strategies more precisely regarding the needs of the housing sector. In this research" An integrative analysis of the results has been constructed to receive the most affected factors on sustainability .
520 3 _aيتناول هذا البحث دراسة موضوع إعادة تصنيف المتغيرات للحفاظ على استدامة قطاع الإسكان المصري. تبني هذه الدراسة إطارها بناءً على أبحاث حديثة تستكشف عوامل الاستدامة المختلفة في قطاع الإسكان الحضري بعد دراسة أنواع مختلفة من الإسكان في دراسة الحالة السادسة والثلاثين. وقد جمعت مراجعة منهجية شاملة للأدبيات واحدة من أكثر قوائم عوامل الاستدامة المتعلقة بالإسكان الحضري شمولاً. يتم تصنيف هذه العوامل وفقًا لتكرار فحصها وتصنيفها حسب نطاقها وقطاع تأثيرها. يمكن للنتائج أن تسد فجوة المعرفة حول أهم العوامل التي تؤثر على استدامة المنازل وتوجيه صانعي السياسات لاتخاذ قراراتهم واستراتيجياتهم بدقة أكبر فيما يتعلق باحتياجات قطاع الإسكان. في هذا البحث "تم إنشاء تحليل تكاملي للنتائج للحصول على أكثر العوامل تأثرًا بالاستدامة.
530 _aIssues also as CD.
546 _aText in English and abstract in Arabic & English.
650 0 _aSustainable design
650 0 _aالتصميم المستدام
653 1 _aSustainability
_aNew cities
_a Housing Sector
_aHousing Affordability
_aSustainable urban development
_aالاستدامة
_aالمدن الجديدة
700 0 _aTarek Abdellatif Aboul-Atta
_ethesis advisor.
900 _b01-01-2025
_cTarek Abdellatif Aboul-Atta
_dMohamed EL-Baramlegy
_dHesham Hafez
_UCairo University
_FFaculty of Engineering
_DDepartment of Architecture
905 _aShimaa
942 _2ddc
_cTH
_e21
_n0
999 _c179958